[Event "Gibraltar Chess Festival 2017 - Masters"]
[Site "Gibraltar ENG"]
[Date "2017.01.24"]
[Round "1.25"]
[White "Gupta, Abhijeet"]
[Black "Buchenau, Frank"]
[Result "0-1"]
[WhiteElo "2645"]
[BlackElo "2274"]
[PlyCount "142"]
[EventDate "2017.01.24"]
[EventType "swiss"]
[EventRounds "10"]
[EventCountry "ENG"]
[SourceTitle "Ajedrez en Madrid"]
[Source "lmi"]
[SourceDate "2017.01.24"]

1. d4 e6 2. c4 Nf6 3. g3 d5 4. Bg2 c5 5. cxd5 Nxd5 6. Nf3 cxd4 7. O-O Bc5 8.
Nxd4 O-O 9. Nc3 Nxc3 10. bxc3 Qc7 11. Rb1 e5 12. Nb3 Be7 13. Qc2 Nc6 14. Be3
Be6 15. Nc5 Bxc5 16. Bxc5 Rfd8 17. Qa4 Bd5 18. Rfd1 Bxg2 19. Kxg2 b6 20. Bb4 h6
21. e4 Nxb4 22. Qxb4 Rac8 23. Qb3 g6 24. Qa4 Kg7 25. Kg1 h5 26. Rd5 Rxd5 27.
exd5 Qxc3 28. Qxa7 Qd4 29. a4 Rc2 30. Rf1 Ra2 31. Qd7 Rxa4 32. d6 Ra5 33. Qe7
Rd5 34. Rc1 Rxd6 35. Rc8 Qd1+ 36. Kg2 Qd5+ 37. f3 Qa2+ 38. Kh3 Qe6+ 39. Qxe6
Rxe6 40. Rb8 Kf6 41. Kg2 Rc6 42. h4 Ke6 43. Rb7 f5 44. g4 hxg4 45. fxg4 fxg4
46. Kg3 Kf5 47. Rf7+ Rf6 48. Rd7 b5 49. Rb7 Rc6 50. Rf7+ Ke4 51. Rb7 Kd3 52.
Rxb5 e4 53. Rd5+ Ke2 54. Rd4 e3 55. Kg2 Ke1 56. Rxg4 e2 57. Rd4 Rc1 58. Rd6 Rd1
59. Rxg6 Kd2 60. Re6 e1=Q 61. Rxe1 Rxe1 62. Kf3 Rh1 63. Kg4 Ke3 64. h5 Ke4 65.
Kg5 Ke5 66. Kg6 Rg1+ 67. Kf7 Kf5 68. h6 Ra1 69. h7 Ra7+ 70. Kg8 Kg6 71. h8=N+
Kf6 0-1

[Event "Gibraltar Chess Festival 2017 - Masters"]
[Site "Gibraltar ENG"]
[Date "2017.01.24"]
[Round "1.26"]
[White "Bergstrom, Rolf"]
[Black "Sethuraman, S.P."]
[Result "0-1"]
[WhiteElo "2268"]
[BlackElo "2637"]
[PlyCount "78"]
[EventDate "2017.01.24"]
[EventType "swiss"]
[EventRounds "10"]
[EventCountry "ENG"]
[SourceTitle "Ajedrez en Madrid"]
[Source "lmi"]
[SourceDate "2017.01.24"]

1. b3 e5 2. Bb2 d6 3. e3 Nf6 4. d4 e4 5. d5 Be7 6. Nc3 O-O 7. Nge2 Re8 8. Qd2
Bf8 9. O-O-O a5 10. a4 Na6 11. h3 c6 12. Nf4 Nb4 13. Be2 Bd7 14. g4 Rc8 15. Kb1
Nfxd5 16. Ncxd5 cxd5 17. c3 Na6 18. Bxa6 bxa6 19. Nxd5 Be6 20. Ka2 Rb8 21. Qc2
Qh4 22. c4 Rb7 23. Bc3 Reb8 24. Rb1 Bxd5 25. cxd5 Rc8 26. Qd2 f5 27. gxf5 Rf7
28. f6 Be7 29. f4 Bxf6 30. Bxa5 Qh5 31. Bb4 Rb7 32. Ba5 Rc5 33. Rbd1 h6 34. Ka3
Qe8 35. Rc1 Qb8 36. b4 Rxa5 37. Rc2 Kh7 38. bxa5 Rb3+ 39. Ka2 Rd3 0-1

[Event "Gibraltar Chess Festival 2017 - Masters"]
[Site "Gibraltar ENG"]
[Date "2017.01.24"]
[Round "1.27"]
[White "Akobian, Varuzhan"]
[Black "Bach, Matthias"]
[Result "1-0"]
[WhiteElo "2633"]
[BlackElo "2264"]
[PlyCount "49"]
[EventDate "2017.01.24"]
[EventType "swiss"]
[EventRounds "10"]
[EventCountry "ENG"]
[SourceTitle "Ajedrez en Madrid"]
[Source "lmi"]
[SourceDate "2017.01.24"]

1. d4 Nf6 2. c4 e6 3. Nf3 c5 4. d5 exd5 5. cxd5 d6 6. Nc3 g6 7. Bf4 Bg7 8. Qa4+
Bd7 9. Qb3 b5 10. Bxd6 Qb6 11. Be5 O-O 12. e3 c4 13. Qd1 b4 14. Ne2 Bb5 15.
Ned4 a6 16. Rc1 Rc8 17. Be2 Nbd7 18. O-O Rc5 19. a4 bxa3 20. bxa3 Qa5 21. Bd6
Rxd5 22. Bb4 Qc7 23. a4 a5 24. Nxb5 Qb6 25. Bd2 1-0

[Event "Gibraltar Chess Festival 2017 - Masters"]
[Site "Gibraltar ENG"]
[Date "2017.01.24"]
[Round "1.28"]
[White "Kantane, Anna"]
[Black "Sutovsky, Emil"]
[Result "0-1"]
[WhiteElo "2259"]
[BlackElo "2628"]
[PlyCount "64"]
[EventDate "2017.01.24"]
[EventType "swiss"]
[EventRounds "10"]
[EventCountry "ENG"]
[SourceTitle "Ajedrez en Madrid"]
[Source "lmi"]
[SourceDate "2017.01.24"]

1. e4 e6 2. c4 d5 3. exd5 exd5 4. cxd5 Nf6 5. Nc3 Nxd5 6. Nf3 Nb4 7. Bb5+ c6 8.
Be2 Nd3+ 9. Bxd3 Qxd3 10. Ne5 Qd4 11. O-O Be7 12. Re1 O-O 13. Re4 Qd8 14. d4
Nd7 15. Bf4 Nf6 16. Re1 Be6 17. a3 Nd5 18. Be3 Nxe3 19. Rxe3 Qb6 20. Qe2 Bg5
21. Rg3 Bf4 22. Rd3 Rfe8 23. Qf3 Bxe5 24. dxe5 Qxb2 25. Rb1 Qxa3 26. Rxb7 Qc5
27. Qf4 Red8 28. Rxd8+ Rxd8 29. Qg5 Qd4 30. h3 h6 31. Qe7 a5 32. Ra7 Rf8 0-1

[Event "Gibraltar Chess Festival 2017 - Masters"]
[Site "Gibraltar ENG"]
[Date "2017.01.24"]
[Round "1.29"]
[White "Oparin, Grigoriy"]
[Black "Sanchez Jerez, Emilio Miguel"]
[Result "0-1"]
[WhiteElo "2625"]
[BlackElo "2257"]
[PlyCount "82"]
[EventDate "2017.01.24"]
[EventType "swiss"]
[EventRounds "10"]
[EventCountry "ENG"]
[SourceTitle "Ajedrez en Madrid"]
[Source "lmi"]
[SourceDate "2017.01.24"]

1. d4 d6 2. e4 e5 3. Nf3 exd4 4. Nxd4 Nf6 5. Nc3 Be7 6. Bf4 O-O 7. Qd2 Nc6 8.
O-O-O Nxd4 9. Qxd4 a6 10. f3 b5 11. g4 c5 12. Qd2 b4 13. Ne2 Qa5 14. Kb1 Be6
15. Nc1 Rfd8 16. g5 Nh5 17. Be3 d5 18. Qe2 Qc7 19. exd5 Rxd5 20. Rxd5 Bxd5 21.
Bh3 Re8 22. Qxa6 Bf8 23. Qd3 Bxf3 24. Rf1 Be4 25. Qe2 g6 26. Bg4 Bg7 27. Nb3 c4
28. Nd4 b3 29. axb3 Bxd4 30. Bxd4 cxb3 31. Kc1 Nf4 32. Qd2 Nd3+ 33. Kd1 bxc2+
34. Qxc2 Qxc2+ 35. Kxc2 Ne5+ 36. Kc3 Nxg4 37. h3 Rc8+ 38. Kd2 Rc2+ 39. Ke1 Nh2
40. Rf4 Nf3+ 41. Kd1 Rd2+ 0-1

[Event "Gibraltar Chess Festival 2017 - Masters"]
[Site "Gibraltar ENG"]
[Date "2017.01.24"]
[Round "1.30"]
[White "Plotkin, Victor"]
[Black "Edouard, Romain"]
[Result "1/2-1/2"]
[WhiteElo "2253"]
[BlackElo "2613"]
[PlyCount "128"]
[EventDate "2017.01.24"]
[EventType "swiss"]
[EventRounds "10"]
[EventCountry "ENG"]
[SourceTitle "Ajedrez en Madrid"]
[Source "lmi"]
[SourceDate "2017.01.24"]

1. e4 c5 2. c3 d5 3. exd5 Qxd5 4. d4 g6 5. Nf3 Bg7 6. Be3 cxd4 7. cxd4 Nf6 8.
Nc3 Qd8 9. Bc4 O-O 10. O-O Nc6 11. Qe2 Bg4 12. Rfd1 Qc8 13. h3 Bh5 14. Rac1 Qf5
15. Qd3 Qxd3 16. Bxd3 Bxf3 17. gxf3 Rfd8 18. d5 Ne5 19. Be2 Ne8 20. Nb5 a6 21.
Nc7 Rac8 22. Nxe8 Rxe8 23. f4 Nd7 24. Bf3 Bxb2 25. Rxc8 Rxc8 26. Rb1 Ba3 27.
Rxb7 Nf6 28. Ra7 Bd6 29. Rxa6 Rc4 30. Ra7 Kf8 31. a4 Bxf4 32. Bb6 Be5 33. a5
Bd4 34. Rc7 Rxc7 35. Bxc7 Ne8 36. Bb8 Nd6 37. a6 Nc8 38. d6 exd6 39. Bb7 Na7
40. Bxd6+ Ke8 41. Kf1 Kd7 42. Bf4 Nc6 43. Ke2 Na7 44. f3 Nb5 45. Kd3 Bf2 46.
Kc4 Nc7 47. Be5 Ne6 48. Kd5 Nc7+ 49. Kc4 Ba7 50. Bd4 Bxd4 51. Kxd4 Kd6 52. Ke4
Nb5 53. Kd3 Kc5 54. Ke4 f6 55. Kf4 Kb6 56. Ke4 Kc5 57. h4 Nd6+ 58. Kf4 Kb6 59.
Bd5 Kxa6 60. Bg8 h6 61. Bh7 g5+ 62. hxg5 hxg5+ 63. Kg4 Kb6 64. Kh5 Nc4 1/2-1/2

[Event "Gibraltar Chess Festival 2017 - Masters"]
[Site "Gibraltar ENG"]
[Date "2017.01.24"]
[Round "1.31"]
[White "Maze, Sebastien"]
[Black "De Francesco, Klaus"]
[Result "1-0"]
[WhiteElo "2613"]
[BlackElo "2252"]
[PlyCount "55"]
[EventDate "2017.01.24"]
[EventType "swiss"]
[EventRounds "10"]
[EventCountry "ENG"]
[SourceTitle "Ajedrez en Madrid"]
[Source "lmi"]
[SourceDate "2017.01.24"]

1. Nf3 Nf6 2. g3 d5 3. Bg2 e6 4. c4 d4 5. d3 c5 6. O-O Nc6 7. e3 Be7 8. Na3 e5
9. e4 h6 10. Nh4 g6 11. Nc2 Be6 12. f4 exf4 13. gxf4 Nxe4 14. f5 gxf5 15. Nxf5
Nd6 16. Ng7+ Kd7 17. Qe2 Qg8 18. Nxe6 fxe6 19. Bf4 Qg6 20. Kh1 Bg5 21. Bxd6
Kxd6 22. b4 Nxb4 23. Nxb4 cxb4 24. c5+ Ke7 25. Bxb7 Rab8 26. Qe5 Rxb7 27. Qxh8
Kd7 28. Qxd4+ 1-0

[Event "Gibraltar Chess Festival 2017 - Masters"]
[Site "Gibraltar ENG"]
[Date "2017.01.24"]
[Round "1.32"]
[White "Bannink, Bernard"]
[Black "Vocaturo, Daniele"]
[Result "0-1"]
[WhiteElo "2244"]
[BlackElo "2606"]
[PlyCount "108"]
[EventDate "2017.01.24"]
[EventType "swiss"]
[EventRounds "10"]
[EventCountry "ENG"]
[SourceTitle "Ajedrez en Madrid"]
[Source "lmi"]
[SourceDate "2017.01.24"]

1. d4 e6 2. Nf3 c5 3. e4 cxd4 4. Nxd4 Nc6 5. Nc3 Qc7 6. Be3 a6 7. Be2 b5 8.
Nxc6 Qxc6 9. Bf3 Bb7 10. O-O Rc8 11. e5 Qc7 12. Bxb7 Qxb7 13. Qd3 Ne7 14. Ne4
Nd5 15. c3 Be7 16. Kh1 O-O 17. f4 b4 18. Bd4 bxc3 19. Nxc3 Nb4 20. Qe2 Nc6 21.
Rad1 f5 22. Be3 Na5 23. Rf3 Bb4 24. Na4 Qe4 25. Qd3 Nc4 26. Bc1 Qb7 27. b3 Na3
28. Bxa3 Bxa3 29. h3 Rc7 30. Kh2 Rfc8 31. Rd2 h6 32. Rff2 Qb4 33. Nb2 Bxb2 34.
Rxb2 a5 35. g3 Qe1 36. Rf1 Rc3 37. Rxe1 Rxd3 38. h4 Rcc3 39. Rg2 g5 40. hxg5
hxg5 41. Ree2 Kf7 42. Rd2 Kg6 43. fxg5 Kxg5 44. Rgf2 Kh5 45. Kh1 Kg4 46. Kh2
Rxd2 47. Rxd2 Rxg3 48. Rxd7 Re3 49. Rd2 Kf3 50. a3 Rxe5 51. b4 axb4 52. axb4
Rb5 53. Rd4 e5 54. Rc4 e4 0-1

[Event "Gibraltar Chess Festival 2017 - Masters"]
[Site "Gibraltar ENG"]
[Date "2017.01.24"]
[Round "1.33"]
[White "Fridman, Daniel"]
[Black "Cordes, Hans-Joerg"]
[Result "1-0"]
[WhiteElo "2594"]
[BlackElo "2242"]
[PlyCount "53"]
[EventDate "2017.01.24"]
[EventType "swiss"]
[EventRounds "10"]
[EventCountry "ENG"]
[SourceTitle "Ajedrez en Madrid"]
[Source "lmi"]
[SourceDate "2017.01.24"]

1. e4 e6 2. d4 d5 3. Nd2 c5 4. Ngf3 cxd4 5. Nxd4 Nc6 6. Bb5 Bd7 7. Nxc6 Bxc6 8.
Bxc6+ bxc6 9. O-O Nf6 10. Qe2 Be7 11. Re1 O-O 12. e5 Nd7 13. Qg4 Rb8 14. a3 f5
15. exf6 Rxf6 16. Rxe6 Nc5 17. Re3 Rg6 18. Qd1 Bf6 19. Nf3 d4 20. Re2 Qd5 21.
Ne1 h5 22. Rb1 Qf5 23. Bd2 h4 24. Bb4 d3 25. Nxd3 Ne6 26. Rxe6 h3 27. Qe2 1-0

[Event "Gibraltar Chess Festival 2017 - Masters"]
[Site "Gibraltar ENG"]
[Date "2017.01.24"]
[Round "1.34"]
[White "Renteria, Jorge"]
[Black "Lagarde, Maxime"]
[Result "0-1"]
[WhiteElo "2242"]
[BlackElo "2594"]
[PlyCount "56"]
[EventDate "2017.01.24"]
[EventType "swiss"]
[EventRounds "10"]
[EventCountry "ENG"]
[SourceTitle "Ajedrez en Madrid"]
[Source "lmi"]
[SourceDate "2017.01.24"]

1. e4 g6 2. d4 Bg7 3. Nc3 d6 4. Be3 a6 5. Qd2 Nd7 6. O-O-O b5 7. Kb1 Bb7 8. f3
Rc8 9. h4 h5 10. Nh3 c5 11. dxc5 Nxc5 12. Nf2 Qc7 13. Nd3 Nd7 14. Nd5 Qb8 15.
Qf2 Ngf6 16. N3f4 e5 17. Ba7 Qa8 18. Nxf6+ Nxf6 19. Ne2 O-O 20. Nc1 d5 21. Bc5
Rfe8 22. exd5 Bxd5 23. Be3 e4 24. f4 Ng4 25. Qg3 Qc6 26. Rd2 Bxb2 27. Kxb2 Qc3+
28. Kb1 Nxe3 0-1

[Event "Gibraltar Chess Festival 2017 - Masters"]
[Site "Gibraltar ENG"]
[Date "2017.01.24"]
[Round "1.35"]
[White "Istratescu, Andrei"]
[Black "Serarols Mabras, Bernat"]
[Result "1-0"]
[WhiteElo "2593"]
[BlackElo "2242"]
[PlyCount "115"]
[EventDate "2017.01.24"]
[EventType "swiss"]
[EventRounds "10"]
[EventCountry "ENG"]
[SourceTitle "Ajedrez en Madrid"]
[Source "lmi"]
[SourceDate "2017.01.24"]

1. e4 c5 2. Nf3 e6 3. d4 cxd4 4. Nxd4 Nc6 5. Nc3 Qc7 6. g3 a6 7. Bg2 Nf6 8. O-O
Nxd4 9. Qxd4 Bc5 10. Bf4 d6 11. Qd2 h6 12. Na4 e5 13. Nxc5 exf4 14. Nd3 fxg3
15. hxg3 O-O 16. Nf4 Bg4 17. c3 Rad8 18. Qd4 Rfe8 19. Rfe1 Re5 20. Re3 Rde8 21.
c4 Qc5 22. Qxc5 Rxc5 23. f3 Bd7 24. Rc3 Rec8 25. Rac1 Kf8 26. Bf1 Ke7 27. Kf2
R5c7 28. Ke3 g5 29. Nd3 Be6 30. Kd4 Nd7 31. b3 f6 32. Be2 h5 33. f4 Bf7 34. Nb4
Nb6 35. Rh1 Rh8 36. Bf3 Rcc8 37. Rc2 g4 38. Bg2 Rhd8 39. Rc3 Rc7 40. Nc2 f5 41.
exf5 Kf6 42. Ne3 Re7 43. Rd3 Rc7 44. Kc3 d5 45. Rhd1 Rh8 46. Bxd5 Nxd5+ 47.
Rxd5 Re8 48. Rd6+ Kg7 49. Nd5 Bxd5 50. R1xd5 Re3+ 51. Rd3 Re2 52. Rg6+ Kh7 53.
Rdd6 Re3+ 54. Kb4 Rxg3 55. Rh6+ Kg8 56. Rxh5 Rg7 57. f6 Rf7 58. Rd8+ 1-0

[Event "Gibraltar Chess Festival 2017 - Masters"]
[Site "Gibraltar ENG"]
[Date "2017.01.24"]
[Round "1.36"]
[White "Weisbuch, Udi"]
[Black "Gledura, Benjamin"]
[Result "0-1"]
[WhiteElo "2240"]
[BlackElo "2589"]
[PlyCount "68"]
[EventDate "2017.01.24"]
[EventType "swiss"]
[EventRounds "10"]
[EventCountry "ENG"]
[SourceTitle "Ajedrez en Madrid"]
[Source "lmi"]
[SourceDate "2017.01.24"]

1. e4 c5 2. Nf3 e6 3. b3 Nc6 4. Bb2 a6 5. g3 Qc7 6. Bg2 Nf6 7. e5 Ng4 8. Qe2
Be7 9. h3 Nh6 10. d3 Nf5 11. Qe4 O-O 12. Nbd2 b5 13. O-O Bb7 14. Qg4 f6 15.
exf6 Bxf6 16. Bxf6 Rxf6 17. Ne4 Rg6 18. Qh5 Rf8 19. c3 Nce7 20. a4 c4 21. axb5
cxd3 22. Nd4 Bxe4 23. Bxe4 axb5 24. Nxb5 Qe5 25. Bxd3 Rxg3+ 26. fxg3 Qxg3+ 27.
Kh1 Qxd3 28. Rf3 Qxb5 29. Qg4 Qxb3 30. Rg1 Ng6 31. Qe4 Rc8 32. Rb1 Qc4 33. Qxc4
Rxc4 34. Rb7 Ne5 0-1

[Event "Gibraltar Chess Festival 2017 - Masters"]
[Site "Gibraltar ENG"]
[Date "2017.01.24"]
[Round "1.37"]
[White "Lalith, Babu M R"]
[Black "Vea, Odin Blikra"]
[Result "1-0"]
[WhiteElo "2587"]
[BlackElo "2234"]
[PlyCount "73"]
[EventDate "2017.01.24"]
[EventType "swiss"]
[EventRounds "10"]
[EventCountry "ENG"]
[SourceTitle "Ajedrez en Madrid"]
[Source "lmi"]
[SourceDate "2017.01.24"]

1. d4 Nf6 2. c4 e6 3. Nf3 c5 4. Nc3 cxd4 5. Nxd4 Nc6 6. g3 Bb4 7. Bg2 O-O 8.
O-O d5 9. cxd5 exd5 10. Bg5 Bxc3 11. bxc3 Be6 12. Rb1 Na5 13. Rb5 b6 14. Bxf6
Qxf6 15. Bxd5 Bxd5 16. Rxd5 Rac8 17. Qd3 g6 18. e4 Rc5 19. Ne2 Rxd5 20. exd5
Rd8 21. Rd1 Nb7 22. Kg2 Nd6 23. Nd4 Re8 24. Qf3 Qe5 25. Rd3 Qe1 26. Rd1 Qe5 27.
a4 a5 28. h4 h5 29. Rd3 Qe1 30. Nc6 Qe4 31. Nd4 Qe1 32. Rd1 Qe5 33. Kg1 Kf8 34.
c4 Nxc4 35. Nc6 Qd6 36. Qc3 Ne5 37. f4 1-0

[Event "Gibraltar Chess Festival 2017 - Masters"]
[Site "Gibraltar ENG"]
[Date "2017.01.24"]
[Round "1.38"]
[White "Damia, Angelo"]
[Black "Ju, Wenjun"]
[Result "0-1"]
[WhiteElo "2233"]
[BlackElo "2583"]
[PlyCount "112"]
[EventDate "2017.01.24"]
[EventType "swiss"]
[EventRounds "10"]
[EventCountry "ENG"]
[SourceTitle "Ajedrez en Madrid"]
[Source "lmi"]
[SourceDate "2017.01.24"]

1. e4 e6 2. d4 d5 3. Bd3 dxe4 4. Bxe4 Nf6 5. Bf3 c5 6. Ne2 Nc6 7. Be3 cxd4 8.
Nxd4 Ne5 9. Be2 Nd5 10. Bd2 Be7 11. Bb5+ Bd7 12. Qe2 Nc6 13. Nf3 Qc7 14. Nc3
Nf4 15. Qf1 a6 16. g3 Ng6 17. Be2 b5 18. h4 b4 19. Nd1 Nge5 20. Nxe5 Qxe5 21.
f4 Qc5 22. c3 bxc3 23. bxc3 Na5 24. Qf2 Bc6 25. O-O Nc4 26. Be1 Qd5 27. Bf3
Qxf3 28. Qxf3 Bxf3 29. Rxf3 O-O 30. Nf2 Rfd8 31. Rd3 Bc5 32. Kf1 h6 33. Rxd8+
Rxd8 34. Ke2 Rb8 35. Nd3 Bd6 36. Rd1 a5 37. Bf2 h5 38. Bd4 f6 39. Bc5 Bc7 40.
Nc1 Rb5 41. Be7 Rb1 42. Bd8 Rxc1 43. Rxc1 Bxd8 44. Kd3 Nd6 45. c4 Kf7 46. c5
Nf5 47. Rb1 e5 48. Rb7+ Ke6 49. fxe5 fxe5 50. c6 e4+ 51. Kd2 Bf6 52. Rb5 Bd8
53. Rb7 Be7 54. Rb8 Bb4+ 55. Kd1 Kd6 56. Rb5 Nd4 0-1

[Event "Gibraltar Chess Festival 2017 - Masters"]
[Site "Gibraltar ENG"]
[Date "2017.01.24"]
[Round "1.39"]
[White "Antipov, Mikhail Al"]
[Black "Bujnoch, Radek"]
[Result "1-0"]
[WhiteElo "2580"]
[BlackElo "2233"]
[PlyCount "37"]
[EventDate "2017.01.24"]
[EventType "swiss"]
[EventRounds "10"]
[EventCountry "ENG"]
[SourceTitle "Ajedrez en Madrid"]
[Source "lmi"]
[SourceDate "2017.01.24"]

1. e4 c5 2. Nc3 Nc6 3. Bb5 Nf6 4. Nf3 Qc7 5. O-O e6 6. Re1 Nd4 7. e5 Nd5 8.
Nxd5 exd5 9. Nxd4 cxd4 10. e6 Be7 11. exf7+ Kf8 12. d3 Qc5 13. Qh5 h6 14. Bg5
hxg5 15. Qxh8+ Kxf7 16. Re5 a6 17. Rae1 axb5 18. Rf5+ Kg6 19. g4 1-0

[Event "Gibraltar Chess Festival 2017 - Masters"]
[Site "Gibraltar ENG"]
[Date "2017.01.24"]
[Round "1.40"]
[White "Heinemann, Josefine"]
[Black "Gopal, G.N."]
[Result "0-1"]
[WhiteElo "2227"]
[BlackElo "2579"]
[PlyCount "88"]
[EventDate "2017.01.24"]
[EventType "swiss"]
[EventRounds "10"]
[EventCountry "ENG"]
[SourceTitle "Ajedrez en Madrid"]
[Source "lmi"]
[SourceDate "2017.01.24"]

1. e4 c5 2. Nf3 d6 3. d4 cxd4 4. Nxd4 Nf6 5. Nc3 a6 6. Bg5 e6 7. f4 Qb6 8. Qd2
Nc6 9. Bxf6 gxf6 10. Nb3 Bd7 11. O-O-O O-O-O 12. Kb1 Kb8 13. Be2 Rg8 14. Bh5
Rg7 15. Rhf1 Na5 16. Nxa5 Qxa5 17. f5 Be7 18. g3 Bc6 19. Bf3 Qc5 20. a3 Rc8 21.
Be2 Rgg8 22. Bd3 h5 23. Qh6 d5 24. exd5 exd5 25. Qxh5 Qb6 26. Kc1 d4 27. Ne4
Bd5 28. Qf3 Rc7 29. Qf2 Rgc8 30. Nd2 Ka7 31. Nb1 Bf8 32. Nd2 Ba2 33. Rde1 Bh6
34. Qf3 Qa5 35. Re2 Bd5 36. Qf2 Qb6 37. b4 Rxc2+ 38. Bxc2 d3 39. Qxb6+ Kxb6 40.
Ref2 Rxc2+ 41. Kd1 Be3 42. h4 Ra2 43. Kc1 Ra1+ 44. Kb2 Bd4# 0-1

[Event "Gibraltar Chess Festival 2017 - Masters"]
[Site "Gibraltar ENG"]
[Date "2017.01.24"]
[Round "1.41"]
[White "Blomqvist, Erik"]
[Black "Pinho, Paulo"]
[Result "1-0"]
[WhiteElo "2574"]
[BlackElo "2220"]
[PlyCount "103"]
[EventDate "2017.01.24"]
[EventType "swiss"]
[EventRounds "10"]
[EventCountry "ENG"]
[SourceTitle "Ajedrez en Madrid"]
[Source "lmi"]
[SourceDate "2017.01.24"]

1. Nf3 c5 2. c4 Nf6 3. Nc3 e6 4. g3 b6 5. Bg2 Bb7 6. O-O d6 7. d4 cxd4 8. Qxd4
a6 9. Bg5 Be7 10. Bxf6 Bxf6 11. Qf4 O-O 12. Rfd1 Be7 13. Ne4 Bxe4 14. Qxe4 Ra7
15. Nd4 Rc7 16. b3 Qc8 17. a4 Rd8 18. Qb1 Bf6 19. e3 a5 20. Ra2 Bxd4 21. Rxd4
d5 22. Rad2 Nc6 23. Rh4 h6 24. Qb2 dxc4 25. Rxc4 Rxd2 26. Qxd2 Ne5 27. Rxc7
Qxc7 28. b4 axb4 29. Qxb4 Qc1+ 30. Bf1 Nf3+ 31. Kg2 Ne1+ 32. Kh3 Qd1 33. Qb5
Qf3 34. Qe2 Qf5+ 35. g4 Qb1 36. Kg3 Qc1 37. h4 Qc7+ 38. Kh3 Qc3 39. Qd1 Qb4 40.
Kg3 e5 41. Bb5 g6 42. Qd5 e4 43. Bc6 Nd3 44. Qxe4 Qd2 45. Qf3 Ne5 46. Qf6 Qc1
47. Bg2 Qc5 48. h5 Qc7 49. f4 Nd7 50. Qe7 g5 51. Bd5 gxf4+ 52. Kh3 1-0

[Event "Gibraltar Chess Festival 2017 - Masters"]
[Site "Gibraltar ENG"]
[Date "2017.01.24"]
[Round "1.42"]
[White "Gluckman, David"]
[Black "Deac, Bogdan-Daniel"]
[Result "0-1"]
[WhiteElo "2215"]
[BlackElo "2572"]
[PlyCount "86"]
[EventDate "2017.01.24"]
[EventType "swiss"]
[EventRounds "10"]
[EventCountry "ENG"]
[SourceTitle "Ajedrez en Madrid"]
[Source "lmi"]
[SourceDate "2017.01.24"]

1. e4 c6 2. Nc3 d5 3. Nf3 Nf6 4. e5 Ne4 5. d3 Nxc3 6. bxc3 Bg4 7. Be2 e6 8. O-O
Nd7 9. Ng5 Bxe2 10. Qxe2 Be7 11. f4 g6 12. a4 Qc7 13. Nf3 c5 14. Kh1 Qc6 15.
Bd2 a6 16. a5 O-O 17. Be1 b5 18. axb6 Qxb6 19. Bh4 Bxh4 20. Nxh4 a5 21. Rfb1
Qc6 22. Nf3 a4 23. c4 Nb6 24. Nd2 dxc4 25. dxc4 Rfd8 26. Ne4 Rd4 27. Nd6 Nxc4
28. Nxc4 Qa6 29. g3 Rxc4 30. Kg1 h5 31. Qd3 Rb4 32. Qxa6 Rxa6 33. c3 Rxb1+ 34.
Rxb1 a3 35. Kf2 a2 36. Ra1 f6 37. h3 fxe5 38. fxe5 Kg7 39. Ke3 Kh6 40. Kd3 Kg5
41. Kc4 Ra5 42. Kb3 h4 43. gxh4+ Kxh4 0-1

[Event "Gibraltar Chess Festival 2017 - Masters"]
[Site "Gibraltar ENG"]
[Date "2017.01.24"]
[Round "1.43"]
[White "Kaidanov, Gregory S"]
[Black "Galmandakh, Badrakh"]
[Result "1/2-1/2"]
[WhiteElo "2572"]
[BlackElo "2215"]
[PlyCount "84"]
[EventDate "2017.01.24"]
[EventType "swiss"]
[EventRounds "10"]
[EventCountry "ENG"]
[SourceTitle "Ajedrez en Madrid"]
[Source "lmi"]
[SourceDate "2017.01.24"]

1. Nf3 d6 2. d4 Bg4 3. e4 Nf6 4. Nbd2 e6 5. c3 d5 6. Qb3 Qc8 7. Ne5 dxe4 8.
Nxg4 Nxg4 9. Nxe4 Nd7 10. Be2 Ngf6 11. Bf3 c6 12. Bf4 Nxe4 13. Bxe4 Nf6 14. Bf3
Be7 15. O-O O-O 16. c4 Rd8 17. Rfd1 Rd7 18. Rd2 Qd8 19. Rad1 Qa5 20. a3 Qf5 21.
Be3 Rad8 22. h3 Ne4 23. Bxe4 Qxe4 24. d5 exd5 25. cxd5 Rxd5 26. Qxb7 Rxd2 27.
Rxd2 Rxd2 28. Bxd2 h5 29. Qb8+ Kh7 30. Bc3 Bc5 31. Qe5 Qxe5 32. Bxe5 Kg6 33.
Kf1 f6 34. Bb8 Kf5 35. f3 Ke6 36. Ke2 a6 37. Kd3 Kd5 38. Bf4 Bd4 39. b3 Bb2 40.
a4 g6 41. Bd2 f5 42. Be3 Be5 1/2-1/2

[Event "Gibraltar Chess Festival 2017 - Masters"]
[Site "Gibraltar ENG"]
[Date "2017.01.24"]
[Round "1.44"]
[White "Verneuil, Pascal"]
[Black "Vazquez Igarza, Renier"]
[Result "0-1"]
[WhiteElo "2215"]
[BlackElo "2572"]
[PlyCount "94"]
[EventDate "2017.01.24"]
[EventType "swiss"]
[EventRounds "10"]
[EventCountry "ENG"]
[SourceTitle "Ajedrez en Madrid"]
[Source "lmi"]
[SourceDate "2017.01.24"]

1. e4 c5 2. Nc3 g6 3. d4 cxd4 4. Qxd4 Nf6 5. e5 Nc6 6. Qf4 Nh5 7. Qe3 Bg7 8. f4
d5 9. Qf2 f6 10. e6 d4 11. Ne4 Bxe6 12. Be2 Bd5 13. Bd3 f5 14. Ng5 Nf6 15. Qe2
Qd6 16. N1h3 h6 17. Nf3 Ne4 18. O-O O-O 19. Nf2 Nc5 20. Re1 Rae8 21. Ne5 a6 22.
Bc4 Nxe5 23. fxe5 Qe6 24. Bxd5 Qxd5 25. b3 Ne6 26. Nd3 Rc8 27. Ba3 Rf7 28. Rac1
h5 29. Bb4 Bh6 30. Bd2 Bxd2 31. Qxd2 f4 32. Qe2 f3 33. Qe4 Qxe4 34. Rxe4 fxg2
35. Kxg2 Rff8 36. Re2 Nf4+ 37. Nxf4 Rxf4 38. Rf1 Rxf1 39. Kxf1 Kf7 40. Ke1 Rc3
41. e6+ Kf6 42. Kd2 Rh3 43. a4 Kf5 44. a5 g5 45. Ke1 Re3 46. Rxe3 dxe3 47. c4
Ke4 0-1

[Event "Gibraltar Chess Festival 2017 - Masters"]
[Site "Gibraltar ENG"]
[Date "2017.01.24"]
[Round "1.45"]
[White "Grigoriants, Sergey"]
[Black "Villar Reymundo, Juan Antonio"]
[Result "1-0"]
[WhiteElo "2564"]
[BlackElo "2212"]
[PlyCount "61"]
[EventDate "2017.01.24"]
[EventType "swiss"]
[EventRounds "10"]
[EventCountry "ENG"]
[SourceTitle "Ajedrez en Madrid"]
[Source "lmi"]
[SourceDate "2017.01.24"]

1. e4 e5 2. Nf3 Nc6 3. Bb5 a6 4. Ba4 Nf6 5. O-O Be7 6. d3 b5 7. Bb3 d6 8. a3
Be6 9. Bxe6 fxe6 10. c3 O-O 11. Nbd2 h6 12. Re1 Qe8 13. a4 Qf7 14. Qb3 Na5 15.
Qa3 Ra7 16. Nf1 c5 17. b4 Nc6 18. Be3 Ng4 19. bxc5 Nxe3 20. Nxe3 dxc5 21. axb5
axb5 22. Qb3 Rb7 23. Ra6 Rc8 24. Nc4 Qf6 25. Nb6 Rcc7 26. Qxb5 Kh7 27. Qa4 Nb8
28. Nd5 Qf8 29. Nxc7 Nxa6 30. Nxa6 Qc8 31. Nxe5 1-0

[Event "Gibraltar Chess Festival 2017 - Masters"]
[Site "Gibraltar ENG"]
[Date "2017.01.24"]
[Round "1.46"]
[White "Baert, Andy"]
[Black "Donchenko, Alexander"]
[Result "0-1"]
[WhiteElo "2210"]
[BlackElo "2559"]
[PlyCount "54"]
[EventDate "2017.01.24"]
[EventType "swiss"]
[EventRounds "10"]
[EventCountry "ENG"]
[SourceTitle "Ajedrez en Madrid"]
[Source "lmi"]
[SourceDate "2017.01.24"]

1. d4 Nf6 2. c4 e6 3. Nc3 Bb4 4. Qc2 d5 5. Nf3 c5 6. e3 Nc6 7. a3 Bxc3+ 8. bxc3
O-O 9. cxd5 exd5 10. Bd3 c4 11. Be2 Ne4 12. Bxc4 Nxf2 13. Qxf2 dxc4 14. O-O Bf5
15. Ne5 Be4 16. Qf4 Qd5 17. Nxc6 bxc6 18. Ra2 Rab8 19. a4 Rfe8 20. Ba3 Bd3 21.
Re1 Rb3 22. Bc5 a6 23. Rf2 h6 24. Bb4 Re4 25. Qb8+ Kh7 26. Qc7 Rxe3 27. Rc1 Qe6
0-1